000 00635nam a22002297a 4500
003 UA-OsUOA
001 38335
007 ta
008 20071130b un ||||| |||| 00| 0 ukr d
100 _aБалей П.
090 _a94(477).093
_bБ20
942 _cBK
040 _aUA-OsUOA
_bukr
_cUA-OsUOA
_dUA-OsUOA
245 _aФронда Степана Бандери в ОУН 1940 року.
_bПричини і наслідки.
300 _a243 с.
955 _a1
041 _aukr
080 _a94(477).093
260 _aКиїв
_c1996
650 7 _a9 Географія. Біографії. Історія
_2UDC
999 _c436844
_d436844